All Non-Officially Recognized Countries in the World - Statistics

General Stats
  • This quiz has been taken 469 times
  • The average score is 7 of 12
Answer Stats
Hint Answer % Correct
Recognized by 15 countries Taiwan
84%
Recognized by 138 countries Palestine
83%
Recognized by 117 countries Kosovo
75%
Recognized by 1 country (That's Turkey what a surprise) Turkish Republic of Northern Cyprus/Northern Cyprus/Turkish Cyprus
68%
Recognized by 6 countries South Ossetia
60%
Recognized by 7 countries Abkhazia
56%
Recognized by 41 countries Sahrawi Arab Democratic Republic/Western Sahara
55%
None Somaliland
53%
Recognized by 164 countries Israel
52%
None (Only 3 Non UN Nations) Transnistria
45%
Recognized by 179 countries China/People's Republic of China
42%
Recognized by 1 country (That's Armenia) Nagorno-Karabakh
28%
No matching quizzes found
Score Distribution
Percent of People with Each Score
Percentile by Number Answered
Your Score History
You have not taken this quiz